Danse avec les stars - Candidates Miss France - Statistiques

Statistiques générales
  • Ce quiz a été pris 199 fois
    90 depuis la dernière actualisation
  • Le résultat moyen est 7 sur 12
Statistiques - réponses
Partenaires Miss % Correct
Nino Mosa Saison 14 Ève Gilles
91%
Yann-Alrick Mortreuil Saison 13 Diane Leyre
74%
Anthony Colette Saison 9 Iris Mittenaere
74%
Yann-Alrick Mortreuil Saison 15 Angélique Angarni-Filopon
70%
Christophe Licata Saison 7 Sylvie Tellier
67%
Anthony Colette Saison 12 Amandine Petit
63%
Christian Millette Saison 8 Élodie Gossuin
49%
Maxime Dereymez Saison 4 Laury Thilleman
44%
Christian Millette Saison 11 Vaimalama Chaves
40%
Christophe Licata Saison 10 Linda Hardy
39%
Grégory Guichard Saison 8 Valerie Bègue
29%
Maxime Dereymez Saison 6 Sophie Vouzelaud
17%
Aucun quiz correspondant
Distribution des résultats
% des personnes avec chaque résultat
Percentile par nombre de réponses
Votre historique - résultats
Vous n’avez pas pris ce quiz depuis la dernière actualisation